Античные инталии в собрании Эрмитажа

Bibliografiske detaljer
Andre forfattere: Неверов О. Я. Олег Яковлевич (составитель автор предисловия), Паперно В. А. (переводчик), Дурандин А. В., Цесарский О. И.
Summary:Страницы с иллюстрациями без нумерации
Текст дан на русском и английском языках.
Книга в футляре
Sprog:russisk
engelsk
Udgivet: Ленинград, Аврора, 1976
Serier:Эрмитаж
Fag:
Format: MixedMaterials Bog
KOHA link:https://koha.lib.tpu.ru/cgi-bin/koha/opac-detail.pl?biblionumber=91620

MARC

LEADER 00000nam0a2200000 4500
001 91620
005 20231101213801.0
035 |a (RuTPU)RU\TPU\book\98209 
090 |a 91620 
100 |a 20060228d1976 km y0rusy50 ca 
101 0 |a rus  |a eng 
102 |a RU 
105 |a a bz 001zy 
200 1 |a Античные инталии в собрании Эрмитажа  |d Antique intaglios in the Hermitage collection  |f автор вступительной статьи и составитель О. Я. Неверов; пер. В. А. Паперно; оформление А. В. Дурандина; фот. О. И. Цесарский 
210 |a Ленинград  |c Аврора  |d 1976 
215 |a 112 с.  |c 145 ил. 
225 1 |a Эрмитаж 
300 |a Страницы с иллюстрациями без нумерации 
300 |a Текст дан на русском и английском языках. 
300 |a Книга в футляре 
320 |a Список сокращений: с. 41-47 
320 |a Каталог: с. 81-112. 
320 |a Библиогр. в тексте. 
510 1 |a Antique intaglios in the Hermitage collection  |z eng 
512 1 |a Antique intaglios 
606 |a Геммы античные  |2 stltpush  |3 (RuTPU)RU\TPU\subj\5658  |9 33672 
610 1 |a Россия 
610 1 |a история 
610 1 |a античный период 
610 1 |a античное искусство 
610 1 |a мировое искусство 
610 1 |a Эрмитаж 
610 1 |a геммы 
610 1 |a глиптика 
610 1 |a Греция 
610 1 |a Италия 
675 |a 736(069)  |v 3 
702 1 |a Неверов  |b О. Я.  |g Олег Яковлевич  |4 220  |4 080 
702 1 |a Паперно  |b В. А.  |4 730 
702 1 |a Дурандин  |b А. В.  |4 130 
702 1 |a Цесарский  |b О. И.  |4 600 
801 1 |a RU  |b 63413507  |c 20060228  |g PSBO 
801 2 |a RU  |b 63413507  |c 20171116  |g PSBO 
942 |c BK